LIBRARY ONLINE CATALOGUE

Understanding theology / (Record no. 1862)

MARC details
000 -LEADER
fixed length control field 00791nam a22002412 4500
001 - CONTROL NUMBER
control field 0000000929
005 - DATE AND TIME OF LATEST TRANSACTION
control field 20151217145722.0
008 - FIXED-LENGTH DATA ELEMENTS--GENERAL INFORMATION
fixed length control field 070222s xx 000 0 eng d
020 ## - INTERNATIONAL STANDARD BOOK NUMBER
International Standard Book Number 1857924290 (vol. 1) :
Terms of availability KES 1,690 (each vol.)
020 ## - INTERNATIONAL STANDARD BOOK NUMBER
International Standard Book Number 1857925378 (vol. 2)
020 ## - INTERNATIONAL STANDARD BOOK NUMBER
International Standard Book Number 1857925815 (vol. 3)
040 ## - CATALOGING SOURCE
Original cataloging agency KABU
Transcribing agency KABU
050 #0 - LIBRARY OF CONGRESS CALL NUMBER
Classification number BT77.3
Item number .K46
100 1# - MAIN ENTRY--PERSONAL NAME
Personal name Kendall, R. T.
-- 0000149372
245 10 - TITLE STATEMENT
Title Understanding theology /
Statement of responsibility, etc. R. T. Kendall.
260 ## - PUBLICATION, DISTRIBUTION, ETC. (IMPRINT)
Place of publication, distribution, etc. Ross-shire :
Name of publisher, distributor, etc. Christian Focus,
Date of publication, distribution, etc. 1996-2001.
300 ## - PHYSICAL DESCRIPTION
Extent 3 v. ;
Dimensions 22 cm.
650 #0 - SUBJECT ADDED ENTRY--TOPICAL TERM
Topical term or geographic name as entry element Theology, Doctrinal
General subdivision Outlines, Syllabi, etc.
-- 0000149373
908 ## - PUT COMMAND PARAMETER (RLIN)
Put command parameter 070222
950 ## - LOCAL HOLDINGS (RLIN)
-- 1
Holdings
Withdrawn status Lost status Source of classification or shelving scheme Not for loan Home library Current library Date acquired Total Checkouts Full call number Barcode Date last seen Price effective from Koha item type
    Library of Congress Classification   Kabarak, Main Campus Kabarak, Main Campus 17/12/2015   BT77.3 .K46 v. 2 008854 02/08/2024 17/12/2015 General Collection
    Library of Congress Classification   Kabarak, Main Campus Kabarak, Main Campus 17/12/2015   BT77.3 .K46 v. 1 000375 02/08/2024 17/12/2015 General Collection
    Library of Congress Classification   Kabarak, Main Campus Kabarak, Main Campus 17/12/2015   BT77.3 .K46 v. 2 000370 02/08/2024 17/12/2015 General Collection
    Library of Congress Classification   Kabarak, Main Campus Kabarak, Main Campus 17/12/2015   BT77.3 .K46 v. 3 000371 02/08/2024 17/12/2015 General Collection
    Library of Congress Classification   Kabarak, Main Campus Kabarak, Main Campus 17/12/2015   BT77.3 .K46 v. 1 008851 02/08/2024 17/12/2015 General Collection
    Library of Congress Classification   Kabarak, Main Campus Kabarak, Main Campus 17/12/2015   BT77.3 .K46 v. 3 008848 02/08/2024 17/12/2015 General Collection